000 00737cam a2200205 4500
001 WS118840
008 020715n 000 0 eng u
035 _a(Sirsi) u118840
110 _aRadiocommunications Agency
_94284
245 _aSitefinder
520 _aWebsite for this mobile phone base station database, a national database of base stations and their emissions, searchable by postcode or map.
650 _aGOVERNMENT
650 _aMOBILE PHONES
650 _aMOBILE PHONE BASE STATIONS
650 _aEMMISSIONS
650 _aTELECOMMUNICATIONS
690 _aTRANSPORT AND COMMUNICATIONS
856 4 0 _uhttps://www.sitefinder.radio.gov.uk
_zView the website free of charge at www.sitefinder.radio.gov.uk...
942 _n0
999 _c120105
_d120105